Enseñanza y aprendizaje de las ciencias

Saved in:
Bibliografiske detaljer
Hovedforfatter: Harlen, Wynne (Author)
Format: Bog
Sprog:spansk
Udgivet: Madrid, España Morata 1998
Udgivelse:2a. ed
Serier:Pedagogía Educación Infantil y Primaria
Fag:
Tags: Tilføj Tag
Ingen Tags, Vær først til at tagge denne postø!

MARC

LEADER 00000cam a2200000 a 4500
001 UCI2811
003 CL-VaPUC
005 20250220161850.0
008 070928e19980000SP |||||||||||||||||spa|d
999 |c 327234  |d 327232 
020 |a 9788471123312 
040 |c Pontificia Universidad Católica de Valparaíso 
082 0 4 |a 372.35 HAR 1998  |2 21 
100 0 |a Harlen, Wynne  |e author  |9 234 
245 1 0 |a Enseñanza y aprendizaje de las ciencias 
250 |a 2a. ed 
260 |a Madrid, España   |b Morata  |c 1998 
300 |a 239 páginas  
440 |a Pedagogía Educación Infantil y Primaria  |9 856949 
583 |a last modification  |c 20190614 11:56:06  |k Rodrigo Vera 
650 0 |a Métodos de enseñanza  |9 270413 
650 0 |a Actividades científicas  |9 340111 
650 0 |a Ciencia y tecnología  |9 260585 
650 0 |a Educación científica   |9 307484 
852 |a BIBEDU 
942 |c BK  |2 ddc 
945 |d 20070928 00:00:00  |a rbrito 
952 |0 0  |1 0  |4 0  |6 372_350000000000000_HAR_1998  |7 0  |8 R  |9 350442  |a BIBEDU  |b BIBEDU  |d 2019-11-20  |i 3699080  |l 2  |o 372.35 HAR 1998  |p 3699080  |r 2024-09-02  |s 2024-08-29  |w 2019-11-20  |y BK_R  |k EPE 
952 |0 0  |1 0  |4 0  |6 372_350000000000000_HAR_1998  |7 0  |8 A  |9 350443  |a FDOPOS  |b FDOPOS  |d 2019-11-20  |i 3772586  |o 372.35 HAR 1998  |p 3772586  |r 2025-01-22  |w 2019-11-20  |y BK  |k MLA 
952 |0 0  |1 0  |4 0  |6 372_350000000000000_HAR_1998  |7 0  |8 R  |9 350444  |a BIBEDU  |b BIBEDU  |d 2019-11-20  |i 4435265  |l 1  |o 372.35 HAR 1998  |p 4435265  |r 2024-08-29  |s 2024-08-26  |w 2019-11-20  |y BK_R  |k EBA 
952 |0 0  |1 0  |4 0  |6 372_350000000000000_HAR_1998  |7 0  |8 A  |9 350445  |a BIBCUR  |b BIBCUR  |d 2019-11-20  |i 476871K  |l 2  |m 5  |o 372.35 HAR 1998  |p 476871K  |r 2025-04-22  |s 2024-10-14  |w 2019-11-20  |y BK  |k MDC 
952 |0 0  |1 0  |3 erb  |4 0  |6 372_350000000000000_HAR_1998  |7 0  |8 R  |9 350446  |a BIBEDU  |b BIBEDU  |d 2019-08-08  |e 11  |g 33000.00  |i 5557984  |l 4  |o 372.35 HAR 1998  |p 5557984  |r 2024-09-02  |s 2024-08-29  |v 33000.00  |w 2019-11-20  |y BK_R  |z Catalogado en:20190814  |k EBA 
952 |0 0  |1 0  |3 erb  |4 0  |6 372_350000000000000_HAR_1998  |7 0  |8 R  |9 350447  |a BIBEDU  |b BIBEDU  |d 2019-08-08  |e 11  |g 33000.00  |i 5557992  |l 1  |o 372.35 HAR 1998  |p 5557992  |r 2024-08-29  |s 2024-08-26  |v 33000.00  |w 2019-11-20  |y BK_R  |z Catalogado en:20190814  |k EBA 
952 |0 0  |1 0  |4 0  |6 372_350000000000000_HAR_1998  |7 0  |8 R  |9 409785  |a BIBEDU  |b BIBEDU  |d 2019-11-22  |i 4372514  |l 5  |o 372.35 HAR 1998  |p 4372514  |r 2024-09-02  |s 2024-08-29  |w 2019-11-22  |y BK_R  |k EBA 
952 |0 0  |1 0  |3 erb  |4 0  |6 372_350000000000000_HAR_1998  |7 0  |8 R  |9 409786  |a BIBEDU  |b BIBEDU  |i 5127610  |l 2  |o 372.35 HAR 1998  |p 5127610  |r 2024-08-28  |s 2024-08-26  |w 2019-11-22  |y BK_R  |z Catalogado en:20141204  |k EBA 
952 |0 0  |1 0  |3 erb  |4 0  |6 372_350000000000000_HAR_1998  |7 0  |8 R  |9 409787  |a BIBEDU  |b BIBEDU  |c MCIRC  |i 5127629  |l 6  |o 372.35 HAR 1998  |p 5127629  |r 2024-08-28  |s 2024-08-26  |w 2019-11-22  |y BK_R  |z Catalogado en:20141204  |k EBA 
952 |0 0  |1 0  |3 erb  |4 0  |6 372_350000000000000_HAR_1998  |7 0  |8 R  |9 409788  |a BIBEDU  |b BIBEDU  |i 5127637  |l 1  |o 372.35 HAR 1998  |p 5127637  |r 2024-08-28  |s 2024-08-26  |w 2019-11-22  |y BK_R  |z Catalogado en:20141204  |k EBA 
952 |0 0  |1 0  |3 erb  |4 0  |6 372_350000000000000_HAR_1998  |7 0  |8 R  |9 409789  |a BIBEDU  |b BIBEDU  |c MCIRC  |i 5127645  |l 6  |o 372.35 HAR 1998  |p 5127645  |r 2024-09-02  |s 2024-08-29  |w 2019-11-22  |y BK_R  |z Catalogado en:20141204  |k EBA 
952 |0 0  |1 0  |3 erb  |4 0  |6 372_350000000000000_HAR_1998  |7 0  |8 R  |9 409791  |a BIBEDU  |b BIBEDU  |d 2019-06-12  |e 11  |g 21000.00  |i 5552699  |l 1  |o 372.35 HAR 1998  |p 5552699  |r 2024-08-28  |s 2024-08-26  |v 21000.00  |w 2019-11-22  |y BK_R  |z Catalogado en:20190617  |k EBA